[Event "5eme open de Champagne -Ardenne"]
[Site "BLAGNY N°14535"]
[Date "2009.05.01"]
[Round "2.17"]
[White "Pataki, Zemplen"]
[Black "Huang, Feibai"]
[Result "1-0"]
[WhiteElo "1522"]
[BlackElo "1207"]
[PlyCount "101"]
[EventDate "2009.??.??"]

1. e4 e5 2. Nf3 Nf6 3. Nxe5 d6 4. Nf3 Nxe4 5. Nc3 Nxc3 6. dxc3 Bf5 7. Be3 d5 8.
c4 c6 9. cxd5 cxd5 10. Bb5+ Nc6 11. O-O a6 12. Ba4 Be7 13. Ne5 Qd6 14. Nxc6
bxc6 15. c4 O-O 16. cxd5 cxd5 17. Rc1 Rac8 18. Rxc8 Rxc8 19. Bb3 Be6 20. f4 f5
21. Bd4 g6 22. Qf3 Qd7 23. Rd1 Bc5 24. Qd3 Bxd4+ 25. Qxd4 Rd8 26. Re1 Qd6 27.
Ba4 Bd7 28. Bb3 Bc6 29. Qb6 Bb5 30. Qxd6 Rxd6 31. Rd1 Kg7 32. Rxd5 Rxd5 33.
Bxd5 h5 34. Kf2 Kf6 35. Ke3 g5 36. fxg5+ Kxg5 37. Bf3 f4+ 38. Kd4 h4 39. h3 Kf5
40. b3 a5 41. a3 a4 42. b4 Kg5 43. Kc5 Be8 44. b5 Bxb5 45. Kxb5 Kf5 46. Kxa4
Ke5 47. Kb5 Kd6 48. a4 Kc7 49. a5 Kb8 50. Kb6 Kc8 51. a6 1-0

[Event "5eme open de Champagne -Ardenne"]
[Site "BLAGNY N°14535"]
[Date "2009.05.01"]
[Round "2.18"]
[White "Micottis, Dorian"]
[Black "Gilles, Sebastien"]
[Result "1-0"]
[WhiteElo "1099"]
[BlackElo "1499"]
[PlyCount "51"]
[EventDate "2009.??.??"]

1. e4 Nf6 2. Nc3 g6 3. d4 Bg7 4. Nf3 c6 5. Bd3 Qa5 6. Bd2 b6 7. Nd5 cxd5 8.
Bxa5 bxa5 9. exd5 Nxd5 10. Be4 Bb7 11. Bxd5 (11. c4) 11... Bxd5 12. O-O Na6 13.
Qd3 Nb4 14. Qb5 e6 15. Qxa5 Nc6 16. Qd2 Rb8 17. b3 Bf6 18. c4 Nb4 19. cxd5 exd5
20. Rfe1+ Kf8 21. Re2 a5 22. Rae1 Kg7 23. Ne5 Bh4 24. g3 Be7 25. Nxd7 Rbc8 26.
Rxe7 1-0

[Event "5eme open de Champagne -Ardenne"]
[Site "BLAGNY N°14535"]
[Date "2009.05.01"]
[Round "2.19"]
[White "Hurreau, Jean Francois"]
[Black "Henzler, Steffen"]
[Result "1/2-1/2"]
[WhiteElo "1499"]
[BlackElo "1099"]
[PlyCount "93"]
[EventDate "2009.??.??"]

1. e4 d5 2. Nc3 d4 3. Nce2 e5 4. Nf3 Nc6 5. g3 Bg4 6. Bg2 Qf6 7. d3 Bxf3 8. O-O
Bxg2 9. Kxg2 O-O-O 10. f4 Bd6 11. c3 exf4 12. Bxf4 Bxf4 13. Nxf4 dxc3 14. Qg4+
Kb8 15. bxc3 Qxc3 16. Rfc1 Qb2+ 17. Qe2 Qe5 18. Qh5 g5 19. Nh3 h6 20. Rab1 Nf6
21. Qd1 Nxe4 22. Qb3 Nc5 23. Rxc5 Qe2+ 24. Nf2 b6 25. Rxc6 g4 26. Qxf7 Rc8 27.
Rbc1 Kb7 28. Rxc7+ Rxc7 29. Rxc7+ Kb8 30. Rxa7 (30. Rb7+ Ka8 31. Rxa7+ Kb8 32.
Qb7#) 30... Qf3+ 31. Qxf3 gxf3+ 32. Kxf3 Rf8+ 33. Kg2 Kxa7 34. Ne4 Rd8 35. Nf2
b5 36. g4 b4 37. h4 Kb6 38. g5 hxg5 39. hxg5 Ra8 40. g6 Rxa2 41. g7 Ra8 42. Ne4
Rg8 43. Nd6 Rxg7+ 44. Kf2 b3 45. Nc4+ Ka7 46. Ke2 Rb7 47. Kd2 1/2-1/2

[Event "5eme open de Champagne -Ardenne"]
[Site "BLAGNY N°14535"]
[Date "2009.05.01"]
[Round "2.20"]
[White "Schenk, Philipp"]
[Black "Lucas Fauchois, Leo"]
[Result "1-0"]
[WhiteElo "1433"]
[BlackElo "1060"]
[PlyCount "25"]
[EventDate "2009.??.??"]

1. e4 e5 2. Nf3 Nc6 3. Bc4 f6 4. d4 Be7 5. Nc3 Nh6 6. Bxh6 d5 7. Nxd5 O-O 8.
Nxe7+ Kh8 9. Nxc6 exd4 10. Nxd8 Rxd8 11. Bf4 Rb8 12. Bxc7 Re8 13. Bxb8 1-0

[Event "5eme open de Champagne -Ardenne"]
[Site "BLAGNY N°14535"]
[Date "2009.05.02"]
[Round "3.1"]
[White "Moucheroud, Jeremy"]
[Black "Bakalarz, Mietek"]
[Result "1/2-1/2"]
[WhiteElo "2056"]
[BlackElo "2312"]
[PlyCount "38"]
[EventDate "2009.??.??"]

1. e4 e5 2. Nf3 Nf6 3. Nxe5 d6 4. Nf3 Nxe4 5. Nc3 Nf6 6. d4 Be7 7. h3 c6 8. Bd3
O-O 9. O-O Nd5 10. Nxd5 cxd5 11. c3 Nd7 12. Bc2 Nf6 13. Re1 h6 14. Nh2 Re8 15.
Nf1 Bf8 16. Rxe8 Qxe8 17. Qf3 Qe6 18. Ne3 b6 19. c4 g6 1/2-1/2

[Event "5eme open de Champagne -Ardenne"]
[Site "BLAGNY N°14535"]
[Date "2009.05.02"]
[Round "3.2"]
[White "Dubuisson, Thomas"]
[Black "Camus, Berenger"]
[Result "0-1"]
[WhiteElo "2011"]
[BlackElo "2185"]
[PlyCount "126"]
[EventDate "2009.??.??"]

1. e4 c5 2. b3 Nc6 3. Bb2 Nf6 4. e5 Nd5 5. Nc3 Nxc3 6. Bxc3 d5 7. exd6 Qxd6 8.
Nf3 Bg4 9. Bc4 f6 10. Qe2 e5 11. h3 Bd7 12. O-O O-O-O 13. Qe4 g6 14. Qd5 Qxd5
15. Bxd5 Bg7 16. Rfe1 Kb8 17. Rab1 Nd4 18. b4 Nxc2 19. bxc5 Bc8 20. Bxb7 Bxb7
21. Rec1 Ka8 22. Rxc2 Be4 23. Rbc1 Bxc2 24. Rxc2 Rd3 25. Kf1 Rc8 26. Ke2 Rd5
27. d4 exd4 28. Bxd4 Bf8 29. c6 Rd6 30. c7 Re6+ 31. Be3 Re7 32. Nd4 Rexc7 33.
Rxc7 Rxc7 34. Ne6 Rc8 35. Nxf8 Rxf8 36. Kd3 Re8 37. Kc4 Kb7 38. a3 a6 39. Kc5
Kc7 40. Bf4+ Kd7 41. Kd5 g5 42. Be3 Rb8 43. Bd4 Rb5+ 44. Kc4 Ke6 45. Bc3 h5 46.
a4 Rb1 47. Kc5 h4 48. a5 Rb5+ 49. Kc4 f5 50. Kd4 Rb1 51. Ke3 Rb3 52. Kd2 g4 53.
Kc2 Ra3 54. Kb2 Ra4 55. Bd2 gxh3 56. gxh3 Re4 57. Kc3 Kd5 58. Bg5 Ra4 59. Kb3
Rxa5 60. Bxh4 Ke4 61. Bg5 Kf3 62. Be3 f4 63. Bd4 Rh5 0-1

[Event "5eme open de Champagne -Ardenne"]
[Site "BLAGNY N°14535"]
[Date "2009.05.02"]
[Round "3.3"]
[White "Knecht, Alain"]
[Black "Meunier, Samuel"]
[Result "1-0"]
[WhiteElo "2169"]
[BlackElo "1946"]
[PlyCount "81"]
[EventDate "2009.??.??"]

1. e4 c5 2. c3 Nf6 3. e5 Nd5 4. d4 cxd4 5. Nf3 d6 6. exd6 Qxd6 7. Qxd4 Nc6 8.
Bb5 Bd7 9. Bxc6 bxc6 10. O-O c5 11. Qe4 Nb6 12. Ne5 Be6 13. Na3 Bd5 14. Qe2 f6
15. Qb5+ Nd7 16. Nac4 Qc7 17. Rd1 Be6 18. Nd3 g5 19. Be3 Rc8 20. Nxc5 Bxc4 21.
Qa4 Qc6 22. Qxc6 Rxc6 23. Nxd7 e5 24. Nxf8 Rxf8 25. Bxa7 Rf7 26. Be3 Rd7 27. b3
Bd3 28. c4 g4 29. f3 h5 30. Kf2 f5 31. Rac1 Ke7 32. Rc3 e4 33. fxe4 Bxe4 34.
Rxd7+ Kxd7 35. c5 Rf6 36. Bf4 Kc6 37. a4 Rf8 38. b4 Ra8 39. b5+ Kb7 40. c6+ Kc8
41. b6 1-0

[Event "5eme open de Champagne -Ardenne"]
[Site "BLAGNY N°14535"]
[Date "2009.05.02"]
[Round "3.4"]
[White "Bricard, Herve"]
[Black "Guyon, Cyndie"]
[Result "1/2-1/2"]
[WhiteElo "2067"]
[BlackElo "1905"]
[PlyCount "66"]
[EventDate "2009.??.??"]

1. e4 c6 2. d3 d5 3. Nd2 e6 4. Ngf3 Bc5 5. d4 Be7 6. Bd3 Nf6 7. e5 Nfd7 8. O-O
c5 9. c3 Nc6 10. a3 cxd4 11. cxd4 Qb6 12. Qa4 O-O 13. b3 f6 14. Bb2 fxe5 15.
dxe5 Nc5 16. Qb5 Nxd3 17. Qxd3 Bd7 18. Nc4 Qc7 19. Ncd2 Be8 20. Rac1 Qb6 21.
Bd4 Nxd4 22. Qxd4 Qxd4 23. Nxd4 Bxa3 24. Rc7 Bf7 25. Rxb7 Rfb8 26. Rc7 Rc8 27.
Rc2 Rxc2 28. Nxc2 Bb2 29. Nf3 Rb8 30. Ncd4 Rb4 31. Rd1 h6 32. Rd2 Ba1 33. Rd1
Bb2 1/2-1/2

[Event "5eme open de Champagne -Ardenne"]
[Site "BLAGNY N°14535"]
[Date "2009.05.02"]
[Round "3.5"]
[White "Peltriaux, Guillaume"]
[Black "Marchal, Roger"]
[Result "1-0"]
[WhiteElo "1906"]
[BlackElo "1620"]
[PlyCount "37"]
[EventDate "2009.??.??"]

1. e4 c5 2. Nf3 e6 3. d3 Nf6 4. Qe2 Be7 5. g3 d5 6. Bg2 Nbd7 7. e5 Ng8 8. h4
Qc7 9. Bf4 b5 10. c4 bxc4 11. dxc4 Ba6 12. b3 Qa5+ 13. Bd2 Qc7 14. O-O Rb8 15.
Na3 dxc4 16. Nxc4 Bxc4 17. Qxc4 Nxe5 18. Nxe5 Bf6 19. Qa4+ 1-0

[Event "5eme open de Champagne -Ardenne"]
[Site "BLAGNY N°14535"]
[Date "2009.05.02"]
[Round "3.6"]
[White "Defrance, Laurent"]
[Black "Romain, Emeline"]
[Result "1-0"]
[WhiteElo "2206"]
[BlackElo "1740"]
[PlyCount "89"]
[EventDate "2009.??.??"]

1. d4 d5 2. c4 e6 3. Nc3 Nf6 4. cxd5 exd5 5. Bg5 c6 6. Qc2 Be7 7. e3 Nh5 8.
Bxe7 Qxe7 9. Nxd5 Qd6 10. Nc3 O-O 11. Bd3 h6 12. Nge2 Nd7 13. Ng3 Ndf6 14. Nce4
Nxe4 15. Nxe4 Qd5 16. Qc5 Be6 17. Qxd5 Bxd5 18. O-O Rfe8 19. Nc3 Be6 20. b4 a6
21. a4 Nf6 22. b5 axb5 23. axb5 Nd5 24. Nxd5 Bxd5 25. Rfc1 g6 26. Kf1 cxb5 27.
Bxb5 Rxa1 28. Rxa1 Rc8 29. f3 Bc4+ 30. Bxc4 Rxc4 31. Rb1 Rc7 32. e4 Kf8 33. Rb2
Ke7 34. Ke2 Kd6 35. Kd3 Ke6 36. f4 f6 37. d5+ Kf7 38. Kd4 g5 39. g3 gxf4 40.
gxf4 h5 41. e5 fxe5+ 42. fxe5 b6 43. e6+ Kf6 44. Rf2+ Kg6 45. Ke5 1-0

[Event "5eme open de Champagne -Ardenne"]
[Site "BLAGNY N°14535"]
[Date "2009.05.02"]
[Round "3.7"]
[White "Biniaux, Michael"]
[Black "Bentout, Pascal"]
[Result "0-1"]
[WhiteElo "1690"]
[BlackElo "2135"]
[PlyCount "62"]
[EventDate "2009.??.??"]

1. d4 Nf6 2. e3 d6 3. Bd3 Nbd7 4. Nd2 e5 5. c3 g6 6. Ngf3 Bg7 7. O-O O-O 8. e4
c6 9. Nb3 a5 10. a4 Re8 11. Re1 Qc7 12. Qc2 h6 13. Bd2 c5 14. dxc5 dxc5 15. Bb5
c4 16. Nc1 Rd8 17. b4 cxb3 18. Nxb3 Nf8 19. h3 Bd7 20. Be3 Ne6 21. Nbd2 Bxb5
22. axb5 Nd7 23. Red1 Ndc5 24. Nc4 b6 25. Rd5 Nf4 26. Bxf4 exf4 27. Rad1 Ne6
28. Nxb6 Qxb6 29. c4 Rdc8 30. e5 Qc7 31. Nd2 f3 0-1

[Event "5eme open de Champagne -Ardenne"]
[Site "BLAGNY N°14535"]
[Date "2009.05.02"]
[Round "3.8"]
[White "Hanot, Wilfried"]
[Black "Fell, Fabian"]
[Result "1-0"]
[WhiteElo "1892"]
[BlackElo "1538"]
[PlyCount "131"]
[EventDate "2009.??.??"]

1. d4 d5 2. Nc3 Nc6 3. e3 Bf5 4. Bd3 e6 5. Bxf5 exf5 6. Qf3 Nb4 7. Qd1 Nf6 8.
a3 Nc6 9. Nge2 Bd6 10. Qd3 Qd7 11. Qb5 Rb8 12. Bd2 a6 13. Qb3 Na5 14. Qa4 Qxa4
15. Nxa4 Nc4 16. Rb1 Ne4 17. Bc1 b5 18. Nac3 c6 19. f3 Nf6 20. Kf2 O-O 21. Ng3
Bxg3+ 22. hxg3 Rfe8 23. b3 Nd6 24. Bd2 a5 25. Ne2 Ra8 26. Ra1 Nd7 27. Nf4 g5
28. Nd3 g4 29. a4 b4 30. Rh4 gxf3 31. gxf3 Kh8 32. Rah1 Nf8 33. Ne5 Rac8 34.
Nd3 Nb7 35. Rh5 Nd6 36. Nc5 f6 37. Rh6 Red8 38. Rxf6 Rc7 39. Rxf8+ Rxf8 40. Ne6
Rcf7 41. Nxf8 Rxf8 42. Rh6 Rd8 43. Re6 Kg7 44. Re7+ Kg6 45. Ra7 Rb8 46. Rxa5
Nc8 47. e4 dxe4 48. fxe4 Nd6 49. exf5+ Nxf5 50. Rc5 Nxd4 51. Rc4 Rf8+ 52. Kg2
Nf5 53. Rxc6+ Kh5 54. Bxb4 Ne3+ 55. Kh3 Rf1 56. g4+ Kg5 57. Be7+ Kf4 58. Rf6+
Ke4 59. Rxf1 Nxf1 60. c4 Kd4 61. a5 Nd2 62. Bd8 Nxb3 63. Bb6+ Kxc4 64. Kh4 Nc5
65. Bxc5 Kxc5 66. Kh5 1-0

[Event "5eme open de Champagne -Ardenne"]
[Site "BLAGNY N°14535"]
[Date "2009.05.02"]
[Round "3.9"]
[White "Gaubert, Virginie"]
[Black "Louis, Andre"]
[Result "0-1"]
[WhiteElo "1660"]
[BlackElo "1883"]
[PlyCount "82"]
[EventDate "2009.??.??"]

1. c4 c5 2. Nf3 Nc6 3. d4 cxd4 4. Nxd4 Nf6 5. Nc3 e6 6. g3 Bc5 7. Nb3 Bb4 8.
Bg2 O-O 9. O-O Bxc3 10. bxc3 h6 11. Ba3 Re8 12. Qd6 e5 13. Rfd1 Re6 14. Qd2 Na5
15. Nxa5 Qxa5 16. Bb4 Qc7 17. Qd3 Ne8 18. Bd5 Rf6 19. Be7 Ra6 20. Qf5 Nf6 21.
Rd3 Nxd5 22. Rxd5 Qxc4 23. Qd3 Qxd3 24. Rxd3 e4 25. Rd2 f5 26. a3 Kf7 27. Bb4
Ke6 28. Rad1 Rc6 29. Rd6+ Rxd6 30. Rxd6+ Kf7 31. Kg2 b6 32. Kh3 a5 33. Rxb6
axb4 34. axb4 d5 35. Rd6 Be6 36. b5 Ra3 37. Rd8 Ke7 38. Rb8 Rxc3 39. b6 Rb3 40.
Kh4 g6 41. g4 fxg4 0-1

[Event "5eme open de Champagne -Ardenne"]
[Site "BLAGNY N°14535"]
[Date "2009.05.02"]
[Round "3.10"]
[White "Halfaoui, Eddine"]
[Black "Pataki, Zemplen"]
[Result "1/2-1/2"]
[WhiteElo "1831"]
[BlackElo "1522"]
[PlyCount "87"]
[EventDate "2009.??.??"]

1. e4 c5 2. Nf3 Nc6 3. d4 cxd4 4. Nxd4 e5 5. Nb5 d6 6. N1c3 a6 7. Na3 Be6 8.
Be3 Nf6 9. Be2 b5 10. Nd5 Bxd5 11. exd5 Ne7 12. c4 bxc4 13. Bxc4 Nexd5 14. Qa4+
Ke7 15. Bg5 Nb6 16. Qa5 Nxc4 17. Qxd8+ Rxd8 18. Nxc4 h6 19. Be3 Ke6 20. O-O d5
21. Nb6 Nd7 22. Rfc1 d4 23. Rc6+ Bd6 24. Bd2 Nxb6 25. Rxb6 Ra8 26. Rc1 Rhc8 27.
b3 Rxc1+ 28. Bxc1 Kd5 29. f3 Rc8 30. Bd2 Rc2 31. Bb4 Bxb4 32. Rxb4 Rxa2 33. Rb7
Kc5 34. Rxf7 Kb4 35. Re7 d3 36. Rb7+ Kc3 37. Rc7+ Kd2 38. Kf2 Kd1+ 39. Kf1 d2
40. Rc6 Rc2 41. Rxa6 Kc1 42. Ra1+ Kb2 43. Rd1 Rc1 44. Ke2 1/2-1/2

[Event "5eme open de Champagne -Ardenne"]
[Site "BLAGNY N°14535"]
[Date "2009.05.02"]
[Round "3.11"]
[White "Jagiello, Robert"]
[Black "Rigolot, Lucie"]
[Result "0-1"]
[WhiteElo "1618"]
[BlackElo "1831"]
[PlyCount "100"]
[EventDate "2009.??.??"]

1. e4 c5 2. d4 cxd4 3. c3 dxc3 4. Nxc3 Nc6 5. Nf3 d6 6. Bc4 e6 7. Bf4 a6 8. e5
dxe5 9. Qxd8+ Kxd8 10. Nxe5 Nxe5 11. Bxe5 f6 12. O-O-O+ Ke8 13. Bd6 Nh6 14.
Rhe1 Kf7 15. Bxf8 Rxf8 16. Rd6 Re8 17. Ne4 b5 18. Bb3 Ra7 19. Kb1 Nf5 20. Rd3
h5 21. h3 h4 22. g4 hxg3 23. fxg3 Kf8 24. g4 Nh4 25. Nd6 Rd7 26. Bxe6 Rde7 27.
Nxe8 Bxe6 28. Rxe6 Rxe6 29. Nd6 Ng6 30. Nf5 Ne5 31. Rd8+ Kf7 32. Rc8 g6 33.
Rc7+ Kf8 34. Rc8+ Re8 35. Rxe8+ Kxe8 36. Nd4 Nd3 37. h4 Kf7 38. Nc2 f5 39. g5
f4 40. Nd4 Ne1 41. Ne2 f3 42. Ng3 Ng2 43. Nf1 Nxh4 44. Kc2 Ke6 45. Ng3 Ke5 46.
Nh1 Kf4 47. Kd2 Ng2 48. Nf2 Kxg5 49. Nd3 Kf5 50. Nf2 g5 0-1

[Event "5eme open de Champagne -Ardenne"]
[Site "BLAGNY N°14535"]
[Date "2009.05.02"]
[Round "3.12"]
[White "Noizet, Regis"]
[Black "Schenk, Philipp"]
[Result "1-0"]
[WhiteElo "1790"]
[BlackElo "1433"]
[PlyCount "51"]
[EventDate "2009.??.??"]

1. d4 d5 2. c4 Nc6 3. Nf3 Bf5 4. Nc3 e6 5. a3 h6 6. c5 b6 7. b4 a5 8. Qa4 Qd7
9. b5 Nce7 10. Ne5 Qc8 11. c6 Ng6 12. g4 Be4 13. f3 Nxe5 14. dxe5 Bh7 15. Be3
f6 16. Bd4 Bc5 17. exf6 Bxd4 18. Qxd4 Nxf6 19. h4 O-O 20. g5 hxg5 21. hxg5 Ne8
22. Qh4 Bg6 23. Bh3 Nd6 24. Nxd5 Nf5 25. Bxf5 Rxf5 26. Ne7+ 1-0

[Event "5eme open de Champagne -Ardenne"]
[Site "BLAGNY N°14535"]
[Date "2009.05.02"]
[Round "3.13"]
[White "Louot, Catherine"]
[Black "Labroche, Jerome"]
[Result "0-1"]
[WhiteElo "1530"]
[BlackElo "1782"]
[PlyCount "102"]
[EventDate "2009.??.??"]

1. d4 d5 2. Nf3 Nf6 3. Bf4 e6 4. e3 Nbd7 5. Bd3 Ne4 6. Bxe4 dxe4 7. Ne5 Nxe5 8.
Bxe5 Qg5 9. O-O c6 10. Nc3 f5 11. f4 Qh6 12. a3 Bd7 13. Qe2 Be7 14. g3 Rg8 15.
Rad1 O-O-O 16. Qc4 Be8 17. Qa4 a6 18. Qa5 Bd6 19. Qb6 g5 20. Na4 Rg7 21. Bxg7
Qxg7 22. Nc5 Qe7 23. fxg5 Bh5 24. Rb1 Rg8 25. Qb3 Bxc5 26. dxc5 Rxg5 27. Qc3
Rg8 28. b4 Bf3 29. b5 axb5 30. Rf2 h5 31. Qa5 Kb8 32. Rd2 h4 33. Kf2 f4 34.
gxf4 Rg2+ 35. Kf1 Rxd2 36. Qxd2 Qxc5 37. Qd8+ Ka7 38. Qd4 (38. Qa5+ Kb8 39.
Qd8+ Ka7 40. Qa5+) 38... b6 39. Qxc5 bxc5 40. h3 Ka6 41. Kf2 Ka5 42. Rg1 Ka4
43. Rg6 b4 44. axb4 cxb4 45. Rxe6 c5 46. Rc6 (46. f5 {1-0!!}) 46... Kb5 47. Rc8
Bd1 48. Rb8+ Kc6 49. f5 Bxc2 50. f6 Bb3 51. Re8 Bd5 {tombe} 0-1

[Event "5eme open de Champagne -Ardenne"]
[Site "BLAGNY N°14535"]
[Date "2009.05.02"]
[Round "3.14"]
[White "Matschek, Norbert"]
[Black "Micottis, Dorian"]
[Result "1-0"]
[WhiteElo "1771"]
[BlackElo "1099"]
[PlyCount "41"]
[EventDate "2009.??.??"]

1. e4 c5 2. f4 e6 3. Nf3 a6 4. d4 cxd4 5. Qxd4 Nc6 6. Qc4 b5 7. Qb3 Bb7 8. Be2
Qc7 9. c3 Bc5 10. Qd1 Nf6 11. e5 Nd5 12. Nd4 Nxd4 13. cxd4 Bb4+ 14. Bd2 Ne3 15.
Qb3 Qc1+ 16. Kf2 Qxh1 17. Bxb4 Nxg2 (17... Ng4+ 18. Bxg4 Qxg2+ 19. Ke1 Qg1+ 20.
Kd2 Qxg4 {0-1}) 18. Bf3 Rb8 19. Bxb7 Rxb7 20. Qf3 Rc7 21. Qa8+ 1-0

[Event "5eme open de Champagne -Ardenne"]
[Site "BLAGNY N°14535"]
[Date "2009.05.02"]
[Round "3.15"]
[White "Biryukov, Alice"]
[Black "Hurreau, Jean Francois"]
[Result "1-0"]
[WhiteElo "1412"]
[BlackElo "1499"]
[PlyCount "55"]
[EventDate "2009.??.??"]

1. e4 e5 2. Nf3 Nf6 3. Nxe5 d6 4. Nf3 Be7 5. Nc3 O-O 6. Bc4 Nc6 7. O-O a6 8. d4
Rb8 9. d5 Ne5 10. Nxe5 dxe5 11. b3 Bc5 12. Bb2 Qe7 13. Qf3 b5 14. Be2 Rd8 15.
Qg3 Bd4 16. Bc1 Kh8 17. Bg5 Bxc3 18. Qxc3 Rb6 19. Bxf6 gxf6 20. a4 b4 21. Qc4
Rg8 22. a5 Bh3 23. axb6 cxb6 24. Bf3 f5 25. Kh1 f4 26. gxh3 a5 27. Rg1 f6 28.
Rxg8+ 1-0

[Event "5eme open de Champagne -Ardenne"]
[Site "BLAGNY N°14535"]
[Date "2009.05.02"]
[Round "3.16"]
[White "Meisch, Tanguy"]
[Black "Henzler, Steffen"]
[Result "1-0"]
[WhiteElo "1558"]
[BlackElo "1099"]
[PlyCount "83"]
[EventDate "2009.??.??"]

1. e4 d5 2. exd5 c6 3. dxc6 Nxc6 4. Bb5 e5 5. Nf3 Bd7 6. O-O Nf6 7. Re1 Bd6 8.
d4 Qe7 9. Bxc6 Bxc6 10. dxe5 Bxf3 11. exd6 Bxd1 12. Rxe7+ Kf8 13. Rxb7 Rd8 14.
Bf4 Re8 15. f3 Re1+ 16. Kf2 Re2+ 17. Kg3 Nh5+ 18. Kg4 Nf6+ 19. Kh3 Bxc2 20.
Rb8+ Re8 21. Rxe8+ Kxe8 22. Nc3 Kd7 23. Re1 Bf5+ 24. g4 Bd3 25. Re7+ Kd8 26.
Rxa7 Bf1+ 27. Kg3 h5 28. Ra8+ Kd7 29. Rxh8 hxg4 30. fxg4 Be2 31. Nxe2 Ne8 32.
Rxe8 Kxe8 33. a4 f6 34. a5 g5 35. a6 Kd8 36. a7 gxf4+ 37. Kxf4 Kc8 38. a8=Q+
Kd7 39. Qb8 f5 40. Qc7+ Ke6 41. Qe7+ Kd5 42. d7 1-0

[Event "5eme open de Champagne -Ardenne"]
[Site "BLAGNY N°14535"]
[Date "2009.05.02"]
[Round "3.17"]
[White "Huang, Feibai"]
[Black "Beaudiot, Alain"]
[Result "0-1"]
[WhiteElo "1207"]
[BlackElo "1591"]
[PlyCount "78"]
[EventDate "2009.??.??"]

1. e4 c5 2. d4 cxd4 3. c3 d5 4. exd5 Qxd5 5. cxd4 Nc6 6. Nf3 e5 7. Nc3 Bb4 8.
a3 Bxc3+ 9. bxc3 exd4 10. Nxd4 Nge7 11. Be3 O-O 12. Be2 Bf5 13. Nxf5 Qxd1+ 14.
Rxd1 Nxf5 15. Bg4 Nxe3 16. fxe3 Rad8 17. Kf2 Ne5 18. Bf3 g6 19. Be4 b6 20. h3
Rfe8 21. Bd5 Kg7 22. e4 b5 23. Rd4 Rc8 24. Rb1 Rxc3 25. Rxb5 Rxa3 26. Rbb4 Rc8
27. Ra4 Rc2+ 28. Kf1 Rcc3 29. Rxa3 Rxa3 30. Bb7 a5 31. Ba6 Ra2 32. Bb5 f5 33.
exf5 gxf5 34. Rd5 Kf6 35. g3 a4 36. Rd6+ Kg5 37. h4+ Kg4 38. Rd4+ Kxg3 39. Bxa4
Rf2+ 0-1

[Event "5eme open de Champagne -Ardenne"]
[Site "BLAGNY N°14535"]
[Date "2009.05.02"]
[Round "3.18"]
[White "Gilles, Sebastien"]
[Black "Seninck, Maxence"]
[Result "0-1"]
[WhiteElo "1499"]
[BlackElo "1270"]
[PlyCount "32"]
[EventDate "2009.??.??"]

1. Nf3 d5 2. g3 Bg4 3. Bg2 Nc6 4. d3 h6 5. h3 Bh5 6. Be3 e5 7. Qd2 e4 8. Nc3
exf3 9. Bxf3 Bxf3 10. exf3 d4 11. Bg5 Nf6 12. Bf4 Qe7+ 13. Be3 O-O-O 14. Qe2
Qb4 15. O-O-O dxc3 16. b3 Qa3+ 0-1

[Event "5eme open de Champagne -Ardenne"]
[Site "BLAGNY N°14535"]
[Date "2009.05.02"]
[Round "3.19"]
[White "Lucas Fauchois, Leo"]
[Black "Blond-Hanten, Elsa"]
[Result "0-1"]
[WhiteElo "1060"]
[BlackElo "1328"]
[PlyCount "40"]
[EventDate "2009.??.??"]

1. e4 e5 2. Nf3 Nc6 3. Bc4 Bc5 4. O-O d6 5. h3 Nf6 6. Nc3 O-O 7. h4 Bg4 8. g3
Nd4 9. Re1 Nxf3+ 10. Kg2 Nxh4+ 11. Kh2 Bxd1 12. Rxd1 Ng4+ 13. Kh3 Nxf2+ 14. Kh2
Nf3+ 15. Kg2 Qf6 16. Rf1 Ng5 17. Rxf2 Bxf2 18. g4 Qf3+ 19. Kf1 Bg3+ 20. Kg1
Nh3# 0-1

[Event "5eme open de Champagne -Ardenne"]
[Site "BLAGNY N°14535"]
[Date "2009.05.02"]
[Round "3.20"]
[White "Chalabi, Max"]
[Black "Gilles, Ludwig"]
[Result "1-0"]
[WhiteElo "1296"]
[BlackElo "1160"]
[PlyCount "79"]
[EventDate "2009.??.??"]

1. e4 Nc6 2. d4 e6 3. Nc3 b6 4. d5 Nce7 5. dxe6 dxe6 6. Qxd8+ Kxd8 7. Nf3 Nf6
8. e5 Nfd5 9. Nxd5 exd5 10. Bg5 f6 11. exf6 gxf6 12. Bxf6 Rg8 13. O-O-O Bg4 14.
Rxd5+ Ke8 15. Bxe7 Bxe7 16. Bb5+ Kf8 17. Ne5 Be6 18. Rd3 a6 19. Bc6 Bg5+ 20.
Kb1 Bf5 21. Rf3 Re8 22. Bxe8 Kxe8 23. Rxf5 Ke7 24. Re1 Ke6 25. Rxg5 Rxg5 26.
Nf3+ Kf6 27. Nxg5 Kxg5 28. Re7 c6 29. Rxh7 Kg4 30. Rg7+ Kf5 31. h4 b5 32. h5
Kf6 33. h6 c5 34. Rg8 Ke6 35. h7 a5 36. h8=Q Kd6 37. Qh5 Kc6 38. Rg6+ Kd7 39.
Qh7+ Ke8 40. Rg8# 1-0

[Event "5eme open de Champagne -Ardenne"]
[Site "BLAGNY N°14535"]
[Date "2009.05.02"]
[Round "4.1"]
[White "Camus, Berenger"]
[Black "Knecht, Alain"]
[Result "1-0"]
[WhiteElo "2185"]
[BlackElo "2169"]
[PlyCount "107"]
[EventDate "2009.??.??"]

1. d4 d5 2. c4 c6 3. Nc3 e6 4. e4 dxe4 5. Nxe4 Nf6 6. Ng3 c5 7. Nf3 Nc6 8. Be3
cxd4 9. Nxd4 Bb4+ 10. Ke2 Nxd4+ 11. Qxd4 O-O 12. Qxd8 Rxd8 13. f3 e5 14. a3 Be7
15. Kf2 Be6 16. Be2 h6 17. Rhd1 Nd7 18. Kg1 f5 19. Bf2 a5 20. Rd2 Nc5 21. Rad1
Rxd2 22. Rxd2 Nb3 23. Rc2 Rc8 24. Bd3 g6 25. Nf1 a4 26. Ne3 Bc5 27. Nd5 Nd4 28.
Bxd4 Bxd4+ 29. Kf1 Kf7 30. Ke2 b5 31. Ne3 Bxe3 32. Kxe3 Bxc4 33. g4 Ke6 34.
gxf5+ gxf5 35. Bf1 Rc6 36. Bh3 Bd5 37. Rg2 Kf6 38. Rd2 Rc5 39. f4 Be6 40. Bf1
e4 41. Rd6 Ke7 42. Rb6 Bd7 43. Rxh6 Rc2 44. h4 Rxb2 45. h5 Rb3+ 46. Kd4 Rf3 47.
Rh7+ Ke8 48. Be2 Rxa3 49. h6 Ra2 50. Rxd7 Kxd7 51. h7 Rxe2 52. h8=Q Rd2+ 53.
Kc5 a3 54. Qg7+ 1-0

[Event "5eme open de Champagne -Ardenne"]
[Site "BLAGNY N°14535"]
[Date "2009.05.02"]
[Round "4.2"]
[White "Bakalarz, Mietek"]
[Black "Bricard, Herve"]
[Result "1-0"]
[WhiteElo "2312"]
[BlackElo "2067"]
[PlyCount "103"]
[EventDate "2009.??.??"]

1. d4 Nf6 2. Bf4 d6 3. e3 Nbd7 4. Nf3 c6 5. h3 g6 6. c4 Bg7 7. Nc3 O-O 8. Be2
a6 9. a4 Qa5 10. O-O Re8 11. Bh2 c5 12. d5 Rf8 13. Qc2 Ne8 14. e4 Ne5 15. Bf4
Nxf3+ 16. Bxf3 e5 17. dxe6 fxe6 18. Bd2 Qd8 19. Qd1 Qh4 20. g3 Qe7 21. Bg2 Bd7
22. Be3 Bc6 23. Qd2 Rd8 24. a5 Nf6 25. Bg5 Rfe8 26. Be3 Rf8 27. Kh2 Rd7 28. f4
Bh6 29. g4 Ne8 30. g5 Bg7 31. h4 Nc7 32. Rae1 Qd8 33. h5 gxh5 34. Qe2 Qe8 35.
Bf3 h4 36. Bd2 Qd8 37. Bg4 Re7 38. Qf2 Ref7 39. Qxh4 h6 40. Bh5 Rd7 41. Bg6 d5
42. e5 dxc4 43. Be3 Rd4 44. Bxd4 cxd4 45. Ne4 Bxe4 46. Bxe4 d3 47. Qh5 d2 48.
Qg6 Rf7 49. Rd1 h5 50. Rf2 Nd5 51. Qxe6 c3 52. Bxd5 1-0

[Event "5eme open de Champagne -Ardenne"]
[Site "BLAGNY N°14535"]
[Date "2009.05.02"]
[Round "4.4"]
[White "Bentout, Pascal"]
[Black "Peltriaux, Guillaume"]
[Result "1-0"]
[WhiteElo "2135"]
[BlackElo "1906"]
[PlyCount "51"]
[EventDate "2009.??.??"]

1. d4 Nf6 2. Nf3 d6 3. Nc3 g6 4. e4 Bg7 5. Be2 O-O 6. O-O Nbd7 7. h3 c5 8. Be3
a6 9. e5 Ne8 10. exd6 Nxd6 11. dxc5 Nf5 12. Qd2 Nxe3 13. Qxe3 Nf6 14. Rfd1 Qc7
15. Rab1 h6 16. b4 Be6 17. Nd4 Bc8 18. Bf3 e5 19. Nb3 Be6 20. Rd6 Ne8 21. Rb6
Rb8 22. Rd1 Nf6 23. Nd5 Bxd5 24. Bxd5 Nd7 25. Rxg6 Kh8 26. Rxh6+ 1-0

[Event "5eme open de Champagne -Ardenne"]
[Site "BLAGNY N°14535"]
[Date "2009.05.02"]
[Round "4.5"]
[White "Rigolot, Lucie"]
[Black "Defrance, Laurent"]
[Result "0-1"]
[WhiteElo "1831"]
[BlackElo "2206"]
[PlyCount "88"]
[EventDate "2009.??.??"]

1. e4 g6 2. d4 Bg7 3. g3 d6 4. Bg2 Nf6 5. Ne2 O-O 6. O-O Nc6 7. h3 e5 8. d5 Ne7
9. c4 Ne8 10. b4 f5 11. f3 Nf6 12. Nbc3 h6 13. Bd2 g5 14. g4 fxg4 15. fxg4 Ng6
16. Ng3 Nf4 17. Nf5 Bxf5 18. gxf5 Qe8 19. Kh2 a6 20. Bf3 h5 21. Rg1 Bh6 22. Ne2
Kh8 23. Ng3 Rc8 24. Be3 Nxh3 25. Re1 Nf4 26. Bxf4 exf4 27. Nxh5 Nxh5 28. Bxh5
Qe5 29. Kh1 Bg7 30. Bg6 Bh6 31. Rb1 Kg7 32. Kg2 Rh8 33. Rb3 Kf6 34. Qa1 g4 35.
Qxe5+ Kxe5 36. Bh5 Rcg8 37. c5 f3+ 38. Kf1 Bf4 39. Bxg4 Rxg4 40. Rxf3 Bd2 41.
Re2 Bxb4 42. cxd6 cxd6 43. Rc2 Rh1+ 44. Ke2 Rxe4+ 0-1